[Event "Greek Cup S/F"]
[Site "Kallithea GRE"]
[Date "2008.07.03"]
[Round "1"]
[White "Zakarian,D"]
[Black "Koukoufikis,G"]
[Result "1/2-1/2"]
[WhiteElo "2346"]
[BlackElo "2224"]

1.e4 g6 2.d4 Bg7 3.Nc3 c6 4.Nf3 d6 5.Be2 Nf6 6.O-O O-O 7.a4 a5 8.h3 Qc7 9.Be3 e5
10.dxe5 dxe5 11.Nd2 Rd8 12.Qc1 Be6 13.Nc4 Nbd7 14.Bd3 Nh5 15.Rd1 Bf8 16.Bf1 Nf4
17.Kh2 f6 18.b3 Bf7 19.Ne2 Ne6 20.Qb2 Ndc5 21.f3 Rxd1 22.Rxd1 Nd4 23.Nc1 b5
24.axb5 cxb5 25.Na3 b4 26.Nb5 Nxb5 27.Bxb5 a4 28.bxa4 Nxa4 29.Bxa4 Rxa4 30.Nb3 Ra8
31.Rc1 Qc4 32.Qb1 Rc8 33.Bd2 Qe2 34.Re1 Qc4 35.Rc1 Rd8 36.Qb2 Qe2 37.Re1 Qb5
38.Be3 Rc8 39.Qb1 Qc4 40.Rc1 Kg7 41.Bd2 Kh8 42.Qa1 Qe2 43.Re1 Qb5 44.Rc1 h5
45.Qa7 Kg8  1/2-1/2

[Event "XVII Burgas Open"]
[Site "Ourense ESP"]
[Date "2008.07.06"]
[Round "4"]
[White "Fernandez Andrade,A"]
[Black "Vidal del Rio,D"]
[Result "1/2-1/2"]
[WhiteElo "1861"]
[BlackElo "2146"]

1.e4 g6 2.d4 Bg7 3.Nc3 c6 4.Be3 d6 5.Qd2 b5 6.Nf3 Nd7 7.Bd3 Nb6 8.d5 b4 9.Nd1 c5
10.O-O h5 11.c3 a5 12.a4 Ba6 13.Bxa6 Rxa6 14.Qe2 Ra8 15.Qb5+ Nd7 16.cxb4 axb4
17.a5 Nf6 18.Nd2 O-O 19.f3 Qc7 20.Nc4 Rfb8 21.Qc6 Rc8 22.Qxc7 Rxc7 23.Nf2 Ne8
24.Nd3 Ra6 25.Bg5 Ne5 26.Ndxe5 Bxe5 27.Nxe5 dxe5 28.Rfc1 Nd6 29.Be3 Nb7 30.Ra4 f5
31.Rxb4 Rxa5 32.Rb6 Nd6 33.b4 Ra3 34.Bxc5 fxe4 35.fxe4 Nxe4 36.Rxg6+ Kf7
37.Rc6 Rd7 38.Rf1+ Kg7 39.Re1 Nxc5 40.Rxc5 Kf6 41.Rf1+ Kg5 42.Rb1 Rd3 43.b5 Ra7
44.Rc2 Rxd5 45.b6 Rb7 46.Kf2 Rd6  1/2-1/2

[Event "Maestro Open"]
[Site "Berdsk RUS"]
[Date "2008.07.10"]
[Round "3"]
[White "Beletsky,A"]
[Black "Zenzera,A"]
[Result "1-0"]
[WhiteElo "2357"]
[BlackElo "2002"]

1.e4 g6 2.d4 Bg7 3.Nc3 c6 4.Bc4 b5 5.Be2 b4 6.Nb1 d6 7.Nf3 Bg4 8.h3 Bxf3
9.Bxf3 e5 10.dxe5 dxe5 11.O-O Nf6 12.Be3 Qxd1 13.Rxd1 Nfd7 14.a3 bxa3 15.Nxa3 O-O
16.Nc4 a6 17.Rd6 c5 18.Nb6 Nxb6 19.Rxb6 Rc8 20.Be2 Rc7 21.Bc4 Nd7 22.Rbxa6 Rxa6
23.Rxa6 Kf8 24.Bg5 f6 25.Bd2 Ke7 26.b4 Rb7 27.Re6+ Kf8 28.Bd5 Rb6 29.Rxb6 Nxb6
30.bxc5 Nxd5 31.exd5 Ke7 32.c6 Kd6 33.c4 f5 34.c5+  1-0

[Event "2nd NJ Futurity Int"]
[Site "New Jersey USA"]
[Date "2008.07.11"]
[Round "9"]
[White "Erenburg,S"]
[Black "Zlotnikov,M"]
[Result "1-0"]
[WhiteElo "2563"]
[BlackElo "2345"]

1.e4 g6 2.d4 Bg7 3.Nc3 c6 4.h3 d6 5.Be3 Nd7 6.Qd2 b5 7.Bd3 Bb7 8.Nf3 a6 9.a4 e5
10.dxe5 dxe5 11.Ne2 Qe7 12.O-O Ngf6 13.Ng3 O-O 14.b4 Rfd8 15.Rfb1 Ne8 16.c4 Nd6
17.Qc2 Rac8 18.Qe2 bxa4 19.Rxa4 c5 20.Ra5 cxb4 21.c5 Nb5 22.Bxb5 axb5 23.Qxb5 Bc6
24.Qxb4 Rb8 25.Qe1 Nf6 26.Nd2 Qc7 27.Rba1 h6 28.Qc1 Rd7 29.Nc4 h5 30.Nb6 Rd3
31.Qc4 Qd8 32.Ra7 Rd1+ 33.Nf1  1-0

[Event "60th ch-MNE"]
[Site "Cetinje MNE"]
[Date "2008.07.15"]
[Round "8"]
[White "Mijovic,S"]
[Black "Batricevic,S"]
[Result "1-0"]
[WhiteElo "2289"]
[BlackElo "2232"]

1.e4 g6 2.d4 Bg7 3.Nc3 c6 4.Nf3 d5 5.Be2 Nh6 6.O-O O-O 7.Bf4 f6 8.exd5 cxd5
9.Nb5 Nf7 10.Bxb8 Rxb8 11.Nxa7 Bg4 12.Nb5 e5 13.Re1 Bh6 14.Nxe5 Bxe2 15.Nxf7 Bxd1
16.Nxd8 Bxc2 17.Ne6 Rf7 18.Nc3 Rd7 19.Re2 Bf5 20.Nc5 Rdd8 21.Rae1 Bc8 22.Re8+ Rxe8
23.Rxe8+ Kf7 24.Rd8 Ke7 25.Rh8 Kf7 26.Nxd5 Bf8 27.Nb6 Kg7 28.Rxf8 Kxf8 29.Ncd7+  1-0

[Event "19th Czech Chladek & Tintera A Open"]
[Site "Pardubice CZE"]
[Date "2008.07.19"]
[Round "2"]
[White "Lammers,M"]
[Black "Warakomski,T"]
[Result "1/2-1/2"]
[WhiteElo "2355"]
[BlackElo "2502"]

1.e4 g6 2.d4 Bg7 3.Nc3 c6 4.Nf3 d6 5.a4 a5 6.Be2 Na6 7.O-O Nb4 8.Be3 Nf6
9.Qd2 O-O 10.Rad1 d5 11.e5 Ne8 12.Nb1 f6 13.c3 Na6 14.Bh6 Bg4 15.Rfe1 Qb6
16.Bxg7 Nxg7 17.exf6 exf6 18.Qc1 Rae8 19.Nbd2 Nc7 20.h3 Bd7 21.Nh2 Nce6 22.Ng4 Nf5
23.Bd3 Neg7 24.Rxe8 Bxe8 25.Re1 Bd7 26.Nf3 Qc7 27.Qd2 Qd6 28.Re2 b6 29.Re1 Re8
30.Rxe8+ Bxe8 31.Qe2  1/2-1/2

[Event "19th Czech Chladek & Tintera A Open"]
[Site "Pardubice CZE"]
[Date "2008.07.21"]
[Round "4"]
[White "Jasny,S"]
[Black "Warakomski,T"]
[Result "1/2-1/2"]
[WhiteElo "2359"]
[BlackElo "2502"]

1.e4 g6 2.d4 Bg7 3.Nc3 c6 4.f4 d5 5.e5 Qb6 6.Na4 Qc7 7.Be3 Nh6 8.Nf3 O-O
9.Be2 f6 10.O-O Ng4 11.Bd2 Nh6 12.Nc5 b6 13.Nd3 Be6 14.c3 c5 15.Kh1 Nd7 16.Rc1 Kh8
17.Nf2 Ng4 18.Nxg4 Bxg4 19.Be3 Bh6 20.Qd2 e6 21.Kg1 Rab8 22.h3 Bxf3 23.Bxf3 c4
24.g4 fxe5 25.fxe5 Bxe3+ 26.Qxe3 Qd8 27.g5 Qe7 28.Bg4 Rxf1+ 29.Rxf1 Rf8 30.Rxf8+ Nxf8
31.Qf4 Nd7  1/2-1/2

[Event "Dutch Open"]
[Site "Dieren NED"]
[Date "2008.07.22"]
[Round "1"]
[White "Hachijan,A"]
[Black "Hartoch,R"]
[Result "1/2-1/2"]
[WhiteElo "2013"]
[BlackElo "2224"]

1.e4 g6 2.d4 Bg7 3.Nc3 c6 4.Nf3 d6 5.Be3 Nf6 6.Qd2 Nbd7 7.Bd3 e5 8.dxe5 dxe5
9.h3 Qe7 10.O-O-O b5 11.g4 O-O 12.Kb1 Nc5 13.g5 Nfd7 14.Ne2 Ne6 15.Nh4 Rd8  1/2-1/2

[Event "Sun Pawn A"]
[Site "Illichevsk UKR"]
[Date "2008.07.22"]
[Round "3"]
[White "Turutin,A"]
[Black "Kozel,R"]
[Result "1-0"]
[WhiteElo "2321"]
[BlackElo "2387"]

1.e4 g6 2.d4 Bg7 3.Nc3 c6 4.h3 d5 5.Nf3 Nh6 6.Bf4 f6 7.exd5 cxd5 8.Nb5 O-O
9.Nc7 e5 10.Bxh6 Bxh6 11.Nxa8 e4 12.Nh2 f5 13.Be2 Nc6 14.O-O Be6 15.f3 Be3+
16.Kh1 Nxd4 17.c3 Nxe2 18.Qxe2 Bh6 19.c4 Qxa8 20.cxd5 Bxd5 21.fxe4 Bxe4 22.Ng4 Bg7
23.Nf2 Bc6 24.Rad1 Re8 25.Qc2 b6 26.Nd3 Be4 27.Rf2 Rc8 28.Qb3+ Bd5 29.Qa4 Rc4
30.Nb4 Bf7 31.b3 Be8 32.Qa3 Rh4 33.Nd5 Bf8 34.Qb2 Bc6 35.Rfd2 Bg7 36.Qc2 Bf8
37.Qc3 Qc8 38.Rc2 Bc5 39.Qxc5  1-0

[Event "1st Open"]
[Site "Paleochora GRE"]
[Date "2008.07.23"]
[Round "4"]
[White "Fragakis,E"]
[Black "Govciyan,P"]
[Result "1-0"]
[WhiteElo "2105"]
[BlackElo "2411"]

1.e4 g6 2.d4 Bg7 3.Nc3 c6 4.Bc4 d6 5.Nf3 Nf6 6.Bb3 O-O 7.O-O d5 8.Qe2 a5
9.a4 Na6 10.exd5 cxd5 11.Re1 Re8 12.Bf4 Nb4 13.Nb5 Na6 14.c4 Nh5 15.Be5 f6
16.Bd6 Kf8 17.Ba3 Nf4 18.Qe3 Bh6 19.Kh1 dxc4 20.Bxc4 Bg4 21.Ne5 Qc8 22.Nxg4 Qxg4
23.g3 Kg7 24.gxf4 Bxf4 25.Qe4 Rac8 26.b3 Qh4 27.Qg2 Nb4 28.Re2 Rcd8 29.Rae1 Nd5
30.Bxe7 Rd7 31.Ba3 Rxe2 32.Rxe2 Bb8 33.Bxd5 Rxd5 34.Re7+ Kh6 35.Re4 Qh5 36.Bf8+  1-0

[Event "Dutch Open"]
[Site "Dieren NED"]
[Date "2008.07.24"]
[Round "3"]
[White "Boulahfa,H"]
[Black "Hartoch,R"]
[Result "1/2-1/2"]
[WhiteElo "1985"]
[BlackElo "2224"]

1.e4 g6 2.d4 Bg7 3.Nc3 c6 4.Nf3 d6 5.Be2 Nf6 6.O-O O-O 7.a4 Nbd7 8.h3 b6
9.Be3 Qc7 10.Qd2 Bb7 11.Rfe1 Rad8 12.Rad1 a6 13.Bh6 e5 14.Bxg7 Kxg7 15.Bc4 b5
16.axb5 axb5 17.Bd3 Rfe8 18.Ne2 Qb6 19.c3 c5 20.d5 c4 21.Bc2 Nc5 22.Ng3  1/2-1/2

[Event "Politiken Cup"]
[Site "Helsingor DEN"]
[Date "2008.07.24"]
[Round "7"]
[White "Ofstad,P"]
[Black "Jacobsen,Bo"]
[Result "1/2-1/2"]
[WhiteElo "2142"]
[BlackElo "2323"]

1.e4 g6 2.d4 Bg7 3.Nc3 c6 4.Nf3 b5 5.Bd3 d6 6.h3 Nd7 7.O-O Qc7 8.Be3 Bb7
9.Re1 e5 10.a4 b4 11.Nb1 Ngf6 12.dxe5 dxe5 13.Nbd2 O-O 14.Nc4 Rfe8 15.a5 Bf8
16.Qc1 Nh5 17.g3 Nc5 18.Bh6 Bxh6 19.Qxh6 Rad8 20.Bf1 f6 21.Qe3 Qe7 22.Red1 Rxd1
23.Rxd1  1/2-1/2

[Event "8th United Insurance"]
[Site "Dhaka BAN"]
[Date "2008.08.03"]
[Round "7"]
[White "Sharma,Di"]
[Black "Rahman,Zia"]
[Result "1-0"]
[WhiteElo "2354"]
[BlackElo "2564"]

1.e4 g6 2.d4 Bg7 3.Nc3 c6 4.Bc4 d6 5.Qf3 e6 6.Nge2 Nd7 7.a4 Ngf6 8.Ba2 O-O
9.h4 e5 10.d5 Nc5 11.b4 Na6 12.Rb1 Bg4 13.Qe3 Nc7 14.f3 Bd7 15.b5 cxd5 16.exd5 b6
17.Ba3 Bc8 18.g4 h5 19.g5 Nh7 20.Ne4 Ne8 21.Rg1 Kh8 22.Bb4 Rg8 23.Qa3 Bf8
24.Kf2 a5 25.Bd2 Ng7 26.c4 Nf5 27.Rh1 Bg7 28.Rbg1 Qc7 29.N2g3 Rd8 30.Nxf5 Bxf5
31.Ng3 Qc8 32.Be3 Rb8 33.Ke2 Nf8 34.Kd2 Rb7 35.Bb3 e4 36.f4 Qd7 37.Nxf5 Qxf5
38.Bd1 Qc8 39.Be2 Nd7 40.Rf1 Rc7 41.Rc1 Nc5 42.Bxc5 dxc5 43.Qh3 Rcd7 44.Kc2 Qc7
45.Rcf1 Qd6 46.Qe3 f5 47.Rh3 Kh7 48.Qc1 Bh8 49.Re3 Qf8 50.Rd1 Bd4 51.Qd2 Kg7
52.Qc1 Qd6 53.Rf1 Qc7 54.Qd2 Kf8 55.Qc1 Rd6 56.Qd2 Bh8 57.Rd1 Ke8 58.Qc1 Kd7
59.Qd2 Kc8 60.Qc1 Kb8 61.Kb3 Bd4 62.Kc2 Rxd5 63.cxd5 Qxf4 64.Rh3 Qe5 65.Bc4 f4
66.Rf1 f3 67.Kb3 Rf8 68.Qc2 Rf4 69.Qh2 Kc7 70.Qc2 Kd6 71.Rhh1 Ke7 72.Re1 Kd6
73.Rhf1 Qf5 74.Qh2 Kd7 75.Ka3 Be5 76.Qc2 Rxh4 77.d6 Bd4 78.Bb3 c4 79.Qxc4 Qc5+
80.Qxc5 Bxc5+ 81.Kb2 Kxd6 82.Bf7 Bb4 83.Rd1+ Ke5 84.Bxg6 Rh2+ 85.Kb3 f2 86.Kc4 h4
87.Rd4 Kf4 88.Rxe4+ Kxg5 89.Re6 Bc5 90.Bd3 h3 91.Re5+ Kh4 92.Rxc5 bxc5 93.b6 Rg2
94.b7 Rg8 95.Rxf2 Re8 96.Rb2  1-0

[Event "Mercosur Cup"]
[Site "Villa Martelli ARG"]
[Date "2008.08.03"]
[Round "6"]
[White "Fusco,L"]
[Black "Bachmann,Ax"]
[Result "0-1"]
[WhiteElo "2392"]
[BlackElo "2511"]

1.e4 g6 2.d4 Bg7 3.Nc3 c6 4.Bc4 d5 5.exd5 b5 6.Bb3 b4 7.Nce2 cxd5 8.a3 bxa3
9.Rxa3 Nf6 10.Nf3 O-O 11.O-O Nc6 12.Ne5 Bb7 13.Nf4 e6 14.Nxc6 Bxc6 15.Nd3 Nd7
16.c3 a5 17.Re1 Qb6 18.h4 Rfb8 19.Bc2 Bb5 20.Nf4 Qd6 21.h5 Re8 22.hxg6 hxg6
23.Ra1 e5 24.dxe5 Bxe5 25.g3 d4 26.cxd4 Qxd4 27.Qxd4 Bxd4 28.Bd2 Rxe1+ 29.Bxe1 a4
30.Bc3 Bxc3 31.bxc3 Nc5 32.Nd5 Rd8 33.Nf6+ Kg7 34.Ne4 Nb3 35.Ra3 Bc6 36.c4 Rd4
37.f3 f5 38.Nc3 Rxc4 39.Bxb3 Rxc3 40.Bxa4 Rxa3 41.Bxc6 Rc3 42.Bb7 Rb3 43.Bc6 Rc3
44.Bb7 g5 45.Kg2 Rc2+ 46.Kh3 Kf6 47.Bd5 Ke5 48.Bf7 Rf2 49.Bh5 Kf6  0-1

[Event "12th HZ Open"]
[Site "Vlissingen NED"]
[Date "2008.08.03"]
[Round "2"]
[White "Landa,K"]
[Black "Wolferink,F"]
[Result "1-0"]
[WhiteElo "2615"]
[BlackElo "2136"]

1.e4 g6 2.d4 Bg7 3.Nc3 c6 4.Nf3 d5 5.h3 Nf6 6.e5 Ne4 7.Bd3 Bf5 8.O-O Nxc3
9.bxc3 Bxd3 10.cxd3 O-O 11.Rb1 Qc7 12.Re1 e6 13.Ba3 Rd8 14.Bd6 Qd7 15.c4 b5
16.h4 a5 17.h5 Na6 18.Qd2 Nc7 19.Bxc7 Qxc7 20.cxb5 cxb5 21.Rxb5 Bf8 22.Nh2 Rdc8
23.Ng4 Qc3 24.Qe3 Ra7 25.Reb1 Rac7 26.Kh2 Qa3 27.Nf6+ Kh8 28.hxg6 fxg6 29.Qh3 Bb4
30.Qxe6 Qxd3 31.Rb7  1-0

[Event "Petrovskaya Ladya Open"]
[Site "Peterhof RUS"]
[Date "2008.08.04"]
[Round "3"]
[White "Anjuhin,A"]
[Black "Skurygin,A"]
[Result "1-0"]
[WhiteElo "2346"]
[BlackElo "2252"]

1.e4 g6 2.d4 Bg7 3.Nc3 c6 4.Bc4 b5 5.Bb3 d5 6.exd5 b4 7.Nce2 cxd5 8.Nf3 Nf6
9.O-O O-O 10.Ne5 Bb7 11.a3 bxa3 12.Rxa3 Nbd7 13.Nf4 Nb6 14.Nfd3 Nfd7 15.Nxd7 Nxd7
16.Be3 e6 17.Qd2 Bc6 18.Rfa1 Qb6 19.Ra6 Qb7 20.Qa5 Bf6 21.Rxa7 Bd8 22.Qa2 Rxa7
23.Qxa7 Qxa7 24.Rxa7 Bb6 25.Ra1 f6 26.c4 Rb8 27.Nb4 Bb7 28.cxd5 e5 29.Nc6 Re8
30.dxe5 Bxe3 31.fxe3 fxe5 32.Ra7 Nc5 33.Bc4  1-0

[Event "Timisoara Cup IM"]
[Site "Timisoara ROM"]
[Date "2008.08.06"]
[Round "7"]
[White "To,N"]
[Black "Bogdan,D"]
[Result "1-0"]
[WhiteElo "2322"]
[BlackElo "1929"]

1.e4 c6 2.d4 g6 3.Nc3 Bg7 4.Be3 d5 5.Qd2 h5 6.O-O-O Nh6 7.Kb1 dxe4 8.Nxe4 Nf5
9.Nf3 Nxe3 10.Qxe3 O-O 11.Bd3 Nd7 12.Rhe1 Nf6 13.h3 Nd5 14.Qd2 a5 15.a3 Nc7
16.c3 Rb8 17.Qf4 Be6 18.g4 Bb3 19.gxh5 Ne6 20.Qh4 Bxd1 21.hxg6 fxg6 22.Bc4 Rxf3
23.Bxe6+ Rf7 24.Ng5  1-0

[Event "Najdorf Memorial Open"]
[Site "Warsaw POL"]
[Date "2008.08.07"]
[Round "6"]
[White "Kadziolka,B"]
[Black "Onischuk,V"]
[Result "1/2-1/2"]
[WhiteElo "2313"]
[BlackElo "2506"]

1.e4 g6 2.d4 Bg7 3.Nc3 c6 4.f4 d5 5.e5 h5 6.Be3 Nh6 7.Nf3 Bg4 8.h3 Bxf3 9.Qxf3 h4
10.Bd3 e6 11.O-O Nd7 12.Ne2 Nf5 13.Bf2 Bf8 14.b3 Be7 15.c4 Kf8 16.Rfc1 Kg7
17.Kh2 Nh6 18.Ng1 f5 19.exf6+ Nxf6 20.Re1 Qd7 21.Re5 Bd6 22.Rae1 Bxe5 23.fxe5 Ne4
24.Bxe4 Raf8 25.Qe2 dxe4 26.Bxh4 Qxd4 27.Bf6+ Rxf6 28.exf6+ Kxf6 29.Qf1+ Kg7
30.Qf4 e5 31.Qh4 Nf7 32.Qxe4 Qxe4 33.Rxe4 Kf6 34.Re2 Rd8 35.Nf3 Rd3 36.Kg1 c5
37.Kf2 Ke6 38.Rd2 Rc3 39.Ne1 Nd6 40.Re2 Kf5 41.g4+ Kf6 42.Re3 Rxe3 43.Kxe3 e4
44.Kf4 g5+ 45.Ke3 Ke5 46.Nc2 b5 47.Na3 a6 48.cxb5 axb5 49.Nb1 c4 50.b4 Ne8
51.Nc3 Nc7 52.Nxe4 Nd5+ 53.Kf3 c3 54.Nc5 Nxb4 55.a3 Nc2 56.a4 bxa4 57.Nxa4 Nd4+
58.Ke3 c2 59.Kd2 Kd5 60.Nb2 Ke4 61.Nc4 Kf4 62.Nd6 Kg3 63.Ne4+ Kh4 64.Kc1 Kxh3
65.Nxg5+ Kxg4 66.Ne6  1/2-1/2

[Event "Najdorf Memorial Open"]
[Site "Warsaw POL"]
[Date "2008.08.10"]
[Round "9"]
[White "Jakubowski,K"]
[Black "Onischuk,V"]
[Result "0-1"]
[WhiteElo "2497"]
[BlackElo "2506"]

1.e4 g6 2.d4 Bg7 3.Nc3 c6 4.f4 d5 5.e5 h5 6.Be3 Nh6 7.Nf3 Bg4 8.h3 Bxf3 9.Qxf3 h4
10.Bf2 e6 11.Bd3 Nd7 12.O-O Bf8 13.Ne2 Be7 14.b3 Kf8 15.c4 Kg7 16.Rfc1 Qb6
17.c5 Qc7 18.b4 f5 19.exf6+ Bxf6 20.a4 Raf8 21.Qe3 Nf5 22.Qd2 Rhg8 23.b5 Kh8
24.Rf1 Nb8 25.Be3 Qg7 26.Bc2 Bd8 27.Rab1 Rf7 28.Kh1 a6 29.bxa6 Nxa6 30.Rf3 Nb8
31.Bg1 g5 32.Bxf5 Rxf5 33.Bh2 g4 34.hxg4 Qxg4 35.Ng1 Nd7 36.Nh3 Nf6 37.Ng5 Nh5
38.Rh3 Bxg5 39.fxg5 Rgf8 40.Rg1 Kg8 41.Bd6 R8f7 42.Qe3 Rxg5 43.Qe1 Ng3+ 44.Bxg3 hxg3
45.Qd1 Qxd1 46.Rxd1 Kg7 47.Kg1 Rf4 48.Rd3 Kg6 49.Rhxg3 Rxg3 50.Rxg3+ Kf6
51.Rd3 e5 52.dxe5+ Kxe5 53.Rb3 Rxa4 54.Rxb7 Kd4 55.Kf2 Kxc5 56.Kf3 Kd4 57.g4 c5
58.Rb1 c4 59.Rd1+ Kc5 60.g5 c3 61.Rg1 Kc4 62.g6 Ra8 63.g7 Rg8 64.Ke2 d4 65.Kd1 Kb3
66.Rg6 d3 67.Rb6+ Kc4 68.Rg6 Kb4 69.Kc1 Rd8 70.Rg4+ Ka3 71.Rg3 d2+ 72.Kd1 Kb2
73.Rg1  0-1

[Event "Independence Cup A"]
[Site "Kyiv UKR"]
[Date "2008.08.14"]
[Round "2"]
[White "Chernozem,S"]
[Black "Ianov,V"]
[Result "1/2-1/2"]
[WhiteElo "2102"]
[BlackElo "2370"]

1.e4 g6 2.d4 Bg7 3.Nc3 c6 4.g3 d6 5.Bg2 Nf6 6.Nge2 O-O 7.O-O Nbd7 8.h3 e5
9.Be3 b5 10.Qd2 Bb7 11.a3 Re8 12.Rad1 a6 13.dxe5 dxe5 14.g4 Bc8 15.Ng3 Re6
16.Bh6 Ne8 17.Be3 Qe7 18.Kh1 Rd6 19.Qc1 Bb7 20.Bg5 f6 21.Be3 Rd8 22.b3 Bf8
23.a4 b4 24.Nb1 Rxd1 25.Rxd1 c5 26.Nd2 Nd6 27.f3 Qe6 28.Bf1 Nf7 29.Nc4 Ba8
30.Kh2 Be7 31.Be2 Qc6 32.Rd2 Nf8 33.Rxd8 Bxd8 34.Bd3 Ne6 35.h4 Nd4 36.Qf1 Bb7
37.h5 Be7 38.Qg2 Ng5 39.Bxg5 fxg5 40.hxg6 hxg6 41.Qf2 Qd7 42.Kg2 Kg7 43.Ne3 Ne6
44.Bc4 Nf4+ 45.Kf1 Bc8 46.Nd5  1/2-1/2

[Event "Jessie Gilbert Celebration Int"]
[Site "Coulsdon ENG"]
[Date "2008.08.16"]
[Round "1"]
[White "Barissever,E"]
[Black "Storey,Ch"]
[Result "0-1"]
[WhiteElo "1957"]
[BlackElo "2268"]

1.e4 g6 2.d4 Bg7 3.Nc3 c6 4.Be3 d5 5.Nf3 Nh6 6.exd5 cxd5 7.Bb5+ Bd7 8.Bxd7+ Qxd7
9.Bxh6 Bxh6 10.Ne5 Qe6 11.O-O Nc6 12.Re1 Bg7 13.Nb5 Kd8 14.Qf3 Bxe5 15.dxe5 a6
16.Nc3 d4 17.Qd5+ Qxd5 18.Nxd5 e6 19.Nb6 Rb8 20.Rad1 Kc7 21.Nc4 Rhd8 22.f4 Rd5
23.c3 dxc3 24.bxc3 Rbd8 25.Ne3 Rd2 26.a3 Na5 27.Rxd2 Rxd2 28.Rd1 Rxd1+ 29.Nxd1 Nc4
30.Kf2 Nxa3 31.Ke3 Kc6 32.Kd4 b5 33.g4 Nc4 34.Nf2 a5 35.h4 Nb2 36.Ne4 a4
37.Nd2 h5 38.g5 Kb6 39.Ne4 Nc4 40.Nc5 Na5 41.Nd3 Nc6+ 42.Ke3 a3 43.Nc1 Ne7  0-1

[Event "5th DA Tan Malaysian Open"]
[Site "Kuala Lumpur MAS"]
[Date "2008.08.18"]
[Round "2"]
[White "Garma,C"]
[Black "Rahman,Zia"]
[Result "0-1"]
[WhiteElo "2346"]
[BlackElo "2564"]

1.e4 g6 2.d4 Bg7 3.Nc3 c6 4.Bc4 d6 5.Qf3 e6 6.Nge2 Nd7 7.h4 b5 8.Bb3 a5 9.a4 b4
10.Nd1 Ba6 11.Bf4 d5 12.h5 g5 13.Bd6 Ndf6 14.Be5 dxe4 15.Qe3 h6 16.Ng3 Ng4
17.Qxe4 Nxe5 18.dxe5 Qc7 19.Ne3 Bxe5 20.O-O-O Nf6 21.Qf3 O-O 22.Ne4 Bxb2+
23.Kxb2 Qe5+ 24.Kb1 Nxe4 25.Ng4 Nc3+ 26.Kc1 Qg7 27.Rde1 Be2 28.Qg3 Bxg4 29.Qxg4 Rad8
30.f4 Nxa4 31.Re5 Rd4 32.Rhe1 Rxf4 33.Qd1 Nc3 34.Qd6 a4 35.g3 Rf2 36.Bc4 b3
37.Bd3 Qf6 38.Qc5 Na2+ 39.Kb2 Rb8 40.Ka3 bxc2 41.Bxc2 Nb4 42.Bb1 Nd5 43.Be4 Rb5
44.Qd6 Ne3  0-1

[Event "44th Rubinstein Mem Open A"]
[Site "Polanica Zdroj POL"]
[Date "2008.08.19"]
[Round "1"]
[White "Czarnota,P"]
[Black "Mucha,R"]
[Result "1/2-1/2"]
[WhiteElo "2526"]
[BlackElo "2160"]

1.e4 g6 2.d4 Bg7 3.Nc3 c6 4.f4 d5 5.e5 h5 6.Be3 Nh6 7.Nf3 Bg4 8.h3 Nf5 9.Bf2 Bxf3
10.Qxf3 h4 11.Bd3 e6 12.O-O Bf8 13.Ne2 Be7 14.b3 Nh6 15.c4 Kf8 16.a3 Kg7
17.Rfc1 Nd7 18.Rc3 Rf8 19.Kh1 Rc8 20.g4 hxg3 21.Nxg3 Rh8 22.Rg1 Kf8 23.c5 Ke8
24.b4 Nf5 25.Nxf5 exf5 26.b5 Nf8 27.Rb1 Ne6 28.Rb4 Kf8 29.bxc6 bxc6 30.Rcb3 Kg7
31.Ba6 Rc7 32.Bf1 Bh4 33.Be3  1/2-1/2

[Event "GM"]
[Site "Vienna AUT"]
[Date "2008.08.19"]
[Round "4"]
[White "Neubauer,M"]
[Black "Chatalbashev,B"]
[Result "0-1"]
[WhiteElo "2457"]
[BlackElo "2596"]

1.e4 g6 2.d4 Bg7 3.Nc3 c6 4.Nf3 d6 5.Be3 Qb6 6.a3 Nf6 7.h3 O-O 8.Bd3 Qc7
9.Qd2 e5 10.dxe5 dxe5 11.O-O Nbd7 12.Ne2 Re8 13.Ng3 Nf8 14.Rad1 Ne6 15.Bc4 b5
16.Bxe6 Bxe6 17.Ng5 Bc4 18.Rfe1 Rad8 19.Qc3 h6 20.b3 Bd5 21.exd5 Nxd5 22.Qc5 hxg5
23.Qxa7 Qxa7 24.Bxa7 f5 25.Bc5 e4 26.Ne2 Nf4 27.Kf1 Ne6 28.Bb4 c5 29.Bc3 Nd4
30.Rd2 g4 31.Bxd4 cxd4 32.Red1 gxh3 33.gxh3 f4 34.Nxf4 Bh6 35.Rxd4 Rxd4 36.Rxd4 Bxf4
37.f3 Bc1 38.fxe4 Bxa3 39.Kg2 Bf8 40.Kf3 Kg7 41.b4 Rc8 42.Rd5 Rxc2 43.Rxb5 Rc3+
44.Kg4 Rc4 45.Kf3 Bxb4 46.Rg5 Rc3+ 47.Kg2 Re3 48.Rg4 Kh6 49.Rh4+ Kg5 50.Rg4+ Kh5
51.Rf4 g5 52.Rf7 Rxe4 53.Rh7+ Kg6 54.Rh8 Bc3 55.Rc8 Bf6 56.Rf8 Ra4 57.Rc8 Kh5
58.Rc7 Ra2+ 59.Kf3 Rh2 60.h4 g4+  0-1

[Event "Independence Cup A"]
[Site "Kyiv UKR"]
[Date "2008.08.20"]
[Round "8"]
[White "Kernazhitsky,L"]
[Black "Matorin,E"]
[Result "1-0"]
[WhiteElo "2349"]
[BlackElo "2232"]

1.e4 c6 2.d4 g6 3.Nc3 Bg7 4.Nf3 d5 5.h3 dxe4 6.Nxe4 Nd7 7.Qe2 Ndf6 8.Nc5 Nd5
9.c4 Nc7 10.Be3 Ne6 11.Nb3 a5 12.Rd1 a4 13.Nc1 Nf6 14.g4 h5 15.g5 Ne4 16.d5 cxd5
17.Rxd5 Qc7 18.Bg2 a3 19.Nd4 axb2 20.Qxb2 Nd6 21.Nxe6 Bxe6 22.Qxg7 O-O-O
23.Rc5  1-0

[Event "5th DA Tan Malaysian Open"]
[Site "Kuala Lumpur MAS"]
[Date "2008.08.23"]
[Round "10"]
[White "Baba,M"]
[Black "Rahman,Zia"]
[Result "1/2-1/2"]
[WhiteElo "2225"]
[BlackElo "2564"]

1.e4 g6 2.d4 Bg7 3.Nc3 c6 4.Be3 d6 5.Qd2 Nd7 6.Nf3 b5 7.Bd3 Bb7 8.O-O Qc7
9.h3 Ngf6 10.a3 a6 11.Rfe1 e5 12.dxe5 dxe5 13.Bh6 O-O 14.Bxg7 Kxg7 15.a4 Rad8
16.Qe3 Rfe8 17.Ne2 c5 18.Ng3 c4 19.Bf1 h6 20.axb5 axb5 21.Nh4 Ng8 22.b3 Nb6
23.bxc4 Nxc4 24.Bxc4 Qxc4 25.Ra7 Bc8 26.Qb6 Rd7 27.Rxd7 Bxd7 28.Rd1 Nf6 29.Rd6 Be6
30.Rc6 Qb4 31.f3 Qe1+ 32.Kh2 Qd2 33.Nf1 Qg5 34.g3 Rd8 35.Ng2 Rd1 36.Nge3 Re1
37.Rxe6 Re2+ 38.Kg1 fxe6 39.h4 Qh5 40.Qc7+ Kf8 41.Qd8+ Kf7 42.Qc7+ Ke8 43.Qc6+ Ke7
44.Qc5+ Kf7 45.Qc7+ Kf8 46.Qd8+ Kf7 47.Qc7+  1/2-1/2

[Event "44th Rubinstein Mem Open A"]
[Site "Polanica Zdroj POL"]
[Date "2008.08.23"]
[Round "5"]
[White "Piorun,K"]
[Black "Jaroch,P"]
[Result "1-0"]
[WhiteElo "2445"]
[BlackElo "2255"]

1.e4 g6 2.d4 Bg7 3.Nc3 c6 4.f4 d5 5.e5 h5 6.Nf3 Nh6 7.Be3 Bg4 8.h3 Nf5 9.Bf2 Bxf3
10.Qxf3 h4 11.Bd3 e6 12.O-O Bf8 13.Ne2 Nd7 14.b3 Be7 15.c4 Qb6 16.a3 a5 17.Kh2 Qa7
18.Rfc1 Qb8 19.cxd5 cxd5 20.Nc3 Kf8 21.Nb5 Nb6 22.a4 Kg7 23.Bxf5 gxf5 24.g4 hxg3+
25.Qxg3+ Kh6 26.Rc7 Rg8 27.Qe3 Qd8 28.Rxb7 Rc8 29.Rc1 Rxc1 30.Qxc1 Nc8 31.Rc7 Qf8
32.Rc3 Bb4 33.Rg3 Rxg3 34.Bxg3 Qd8 35.Be1 Bxe1 36.Qxe1 Qb6 37.Qh4+ Kg7 38.Qf6+ Kg8
39.Kg3 Na7 40.Nd6 Qxd4 41.Qxf7+ Kh8 42.Qf8+ Kh7 43.Qe7+  1-0

[Event "17th Korensky Memorial"]
[Site "Tambow RUS"]
[Date "2008.08.24"]
[Round "2"]
[White "Petrov,Alexande1"]
[Black "Balashov,Y"]
[Result "1/2-1/2"]
[WhiteElo "2195"]
[BlackElo "2407"]

1.e4 g6 2.d4 Bg7 3.Nc3 c6 4.Nf3 d6 5.h3 Nf6 6.Be3 O-O 7.Bd3 Nbd7 8.O-O e5
9.dxe5 dxe5 10.a4 a5 11.Qc1 Qe7 12.Bg5 Nc5 13.Bc4 Qc7 14.Qe3 b6 15.Rfe1 Be6
16.Bf1 Ne8 17.Bh6 f6 18.Bxg7 Kxg7 19.Rad1 Nd6 20.Rd2 Rad8 21.Red1 Rd7 22.b3 Rfd8
23.g3 Nf7 24.Rxd7 Rxd7 25.Rxd7 Qxd7 26.Kh2 h6 27.Qd2 Qxd2 28.Nxd2 f5 29.Bc4 Nd6
30.Bxe6 Nxe6 31.exf5 gxf5 32.Ne2 b5 33.Kg2 Nc5 34.Nc3 f4 35.Ne2 Ne6  1/2-1/2

[Event "MCF GM"]
[Site "Kuala Lumpur MAS"]
[Date "2008.08.26"]
[Round "1"]
[White "Myo Zaw Min"]
[Black "Rahman,Zia"]
[Result "0-1"]
[WhiteElo "2486"]
[BlackElo "2564"]

1.e4 g6 2.d4 Bg7 3.Nc3 c6 4.Nf3 d6 5.Be2 Nd7 6.O-O Qc7 7.a4 Ngf6 8.h3 O-O
9.Re1 e5 10.Bf1 Re8 11.a5 exd4 12.Nxd4 Nc5 13.f3 d5 14.exd5 Bxh3 15.Nde2 Bd7
16.Bf4 Qc8 17.d6 Nh5 18.Bh2 Qd8 19.g4 Nf6 20.Qd2 h5 21.g5 Nh7 22.f4 Bg4 23.Bg2 Re6
24.f5 Bxf5 25.Nd4 Qxg5 26.Bf4 Rxe1+ 27.Rxe1 Qg4 28.Nf3 Ne6 29.Be5 Nhg5 30.Nh2 Qb4
31.Bxg7 Kxg7 32.Ne4 Qxd2 33.Nxd2 Rd8 34.a6 b5 35.c4 Rxd6 36.cxb5 cxb5  0-1

[Event "44th Rubinstein Mem Open A"]
[Site "Polanica Zdroj POL"]
[Date "2008.08.28"]
[Round "10"]
[White "Tokarski,B"]
[Black "Praszak,M"]
[Result "1-0"]
[WhiteElo "2157"]
[BlackElo "2235"]

1.e4 g6 2.d4 Bg7 3.Nc3 c6 4.f4 d6 5.Nf3 Nf6 6.Bd3 O-O 7.O-O b5 8.e5 Ne8 9.a4 b4
10.Ne4 Nd7 11.Qe2 d5 12.Neg5 e6 13.f5 gxf5 14.g4 h6 15.gxf5 hxg5 16.Nxg5 exf5
17.Bxf5 Ndf6 18.exf6 Nxf6 19.Qd3 Bxf5 20.Rxf5 Re8 21.Bf4 Ne4 22.Rf1 f6 23.Nxe4 Rxe4
24.Qg3 Re6 25.Bh6 Qe7 26.Kh1 Rf8 27.Bxg7 Qxg7 28.Qh3 Kf7 29.Rg1  1-0

[Event "MCF GM"]
[Site "Kuala Lumpur MAS"]
[Date "2008.08.29"]
[Round "4"]
[White "Sermek,D"]
[Black "Rahman,Zia"]
[Result "1/2-1/2"]
[WhiteElo "2509"]
[BlackElo "2564"]

1.e4 g6 2.d4 Bg7 3.Nc3 c6 4.Nf3 d6 5.a4 Nf6 6.h3 O-O 7.Bc4 d5 8.Bd3 dxe4
9.Nxe4 Nxe4 10.Bxe4 Bf5 11.Bxf5 Qa5+ 12.c3 Qxf5 13.O-O Nd7 14.Re1 e6 15.Be3 Rac8
16.Qb1 Qxb1 17.Rexb1 a6 18.Ra3 e5 19.dxe5 Nxe5 20.Nxe5 Bxe5 21.Bb6 Bc7 22.Rb3 Bxb6
23.Rxb6 Rc7 24.Rd1 Re8 25.Kf1 h5 26.h4 Kf8 27.g3 Kg7 28.Rd4 Kf8 29.Rdb4 Ree7
30.Rd4 Re8 31.Rdb4 Ree7  1/2-1/2